Karl Marx (Registo nº 13638)

Detalhes MARC
000 -Etiqueta do registo
campo de controlo de comprimento fixo 006500000a22002050004500
001 - Identificador do registo
Campo de controlo 13638
100 ## - Dados Gerais de Proc.
Dados gerais de processamento 20050426d1976 m y0pory5003 ba
101 0# - Língua da publicação
Língua do texto, banda sonora, etc. Português
102 ## - País de Publicação
País de publicação Portugal
200 1# - Título
Título próprio Karl Marx
Primeira menção de responsabilidade Franz Mehring
Outras menções de responsabilidade trad. de Rui Manuel Tavares Wahnon
205 ## - Menção da edição
Menção da edição 2ª ed
210 ## - Publicação, Distribuição
Lugar da edição, distribuição, etc. Lisboa
Nome do editor, distribuidor, etc. Presença
-- Livraria Martins Fontes
Data da publicação, distribuição, etc. 1976
215 ## - Descrição física
Descrição física vol.
Outras indicações físicas il
327 0# - Nota de conteúdo
Texto da nota Vol. 1 : 290 p., [5] p., [8] p. il.
675 ## - CDU
Notação 929 Marx, Karl
Edição BN
Língua da edição Português
700 #1 - Responsabilidade principal
Palavra de ordem Mehring
Outra parte do nome Franz
Datas 1846-1919
702 #1 - Responsabilidade secundária
Koha Internal Code 47383
Código de função Tradutor
Palavra de ordem Wahnon
Outra parte do nome Rui
Datas 1947-
090 ## - Números de controlo do sistema (Koha)
Número biblioitem do Koha (gerado automaticamente) 13638
942 ## - Elementos de entrada adicionados (Koha)
Tipo de item no Koha Monografias
Suprimido Disponível no OPAC
999 ## - Campo local
Campo local 13638
-- Bibliobase - BMTAV
-- 2019-01-21
Exemplares
Removido (estado) Perdido (estado) Data de aquisição Origem do registo (biblioteca) (codificado) Código da organização que empresta ou é detentora (biblioteca) Código de barras Local Número de inventário Cota Numeração (volume ou outra parte) Tipo de circulação (não pode ser emprestado) Tipo de item e material
Disponível Disponível 2005-04-26 Biblioteca Municipal Álvaro de Campos Biblioteca Municipal Álvaro de Campos BMTAV29011 Depósito 29011 G6 MAR-D 1 Normal Monografias